A lei do cnute e contos (Record no. 59118)

MARC details
000 -LÍDER
campo de controle de tamanho fixo 00365 a2200157 4500
001 - NÚMERO DE CONTROLE
campo de controle 59118
020 ## - ISBN - INTERNATIONAL STANDARD BOOK NUMBER
ISBN - International Standard Book Number
040 ## - FONTE DA CATALOGAÇÃO
Instituição que transcreveu o registro Anchieta - Pituba
100 ## - ENTRADA PRINCIPAL--NOME PESSOAL
Nome pessoal Reymont, Wladyslaw Stanislaw
240 10 - TÍTULO UNIFORME
Título uniforme A lei do cnute e contos
Idioma da obra por
245 10 - TÍTULO
Título A lei do cnute e contos
300 ## - DESCRIÇÃO FÍSICA
Extensão 196
362 0# - DATAS DE PUBLICAÇÃO E/OU DESIGNAÇÃO SEQUENCIAL
Datas de publicação e/ou designação sequencial 1971
650 #4 - ASSUNTO--TERMO TÓPICO
Cabeçalho tópico ou nome geográfico Literatura indo-européia e celta
942 ## - ELEMENTOS DE ENTRADA ADICIONADOS (KOHA)
Tipo de material Koha Livros
Holdings
Situação do descarte Situação das perdas Situação física Não pode ser emprestado Biblioteca de origem Biblioteca atual Data de aquisição Total de empréstimos Código de barras Data de último acesso Data do preço efetivo Tipo de material Koha
        Colégio Anchieta - Pituba Colégio Anchieta - Pituba 21/11/2023   10070/PIT 21/11/2023 21/11/2023 Livros